000 00888nam a2200265 a 4500
001 BRL_329
005 20190320210704.0
008 300713s1980----mx-a######---#000-0#eng-#
020 _a9683800084
041 _aeng
044 _amx
050 4 _aNE546.P6
_b.C3 1980
100 1 _aCarrillo A., Rafael
_923564
245 1 0 _aPosada and mexican engraving
_bfrom the famous engraver of popular themes to contemporary artists
_cRafael Carrillo A. ; translated by Elisabeth M. Plaister.
260 _aMéxico
_bPanorama
_c1980
300 _a80 p.
_bil., 35 h. de grabados
_c18 cm.
440 0 _aCollection Panorama
_923565
500 _aLa biblioteca cuenta con la edición en español
500 _aAu325
600 1 4 _aPosada, José Guadalupe
_d1852-1913
_94998
651 4 _aMéxico
_xEn el arte
_95715
700 1 _aPlaister, Elisabeth M.
_etr.
_923566
902 _aGRL
942 _2lcc
_cB
999 _c9142
_d9142